| 000 | 00861cam a2200301 a 4500 | ||
|---|---|---|---|
| 008 | |||
| 020 | _a003006189X (pbk.) | ||
| 049 | _aMAIN | ||
| 090 |
_aHV696.F6 _bEND |
||
| 245 | 0 | 0 |
_aEnding hunger : _ban idea whose time has come / _cthe Hunger Project. |
| 260 |
_aNew York : _bPraeger, _c1985. |
||
| 300 |
_a430 p. : _bcol. ill. ; _c28 cm. |
||
| 504 | _aIncludes bibliographical references. | ||
| 500 | _aIncludes index. | ||
| 650 | 0 | _aFood relief. | |
| 650 | 2 | 0 | _aHunger Project. |
| 650 | 0 | _aHunger. | |
| 650 |
_aFamines _aPrevention. |
||
| 650 | 2 | _aFood Supply. | |
| 650 | 2 | _aHunger. | |
| 650 | 2 |
_aStarvation _xprevention & control. |
|
| 710 | 2 | _aHunger Project. | |
| 907 |
_a.b10370456 _b29-02-16 _c26-02-16 |
||
| 003 | |||
| 005 | 20230123122210.0 | ||
| 040 | _cNUST | ||
| 942 |
_cBOOKS _kHV696.F6 _mEND |
||
| 999 |
_c129514 _d129514 |
||